Giáo trình ngữ âm tiếng Việt
Đề cập đến ngữ âm và ngữ âm học; Các đơn vị đoạn trích; Các đơn vị siêu đoạn trích. Giới thiệu âm tiết Tiếng Việt; Hệ thống ngữ âm Tiếng Việt; Hệ thống biến âm, vấn đề chính âm; chữ viết.
Đã lưu trong:
| Tác giả chính: | |
|---|---|
| Định dạng: | Sách |
| Năm xuất bản: |
H.
Giáo dục
1994
|
| Chủ đề: | |
| Tags: |
Thêm thẻ
Không có thẻ, Hãy là người đầu tiên gắn thẻ bản ghi này!
|
| LEADER | 00857nam a2200181 4500 | ||
|---|---|---|---|
| 999 | |c 11279 |d 11279 | ||
| 082 | |a 495.9221 |b V561H | ||
| 100 | |a Vương Hữu Lễ | ||
| 245 | |a Giáo trình ngữ âm tiếng Việt |c Vương Hữu Lễ, Hoàng Dũng | ||
| 260 | |a H. |b Giáo dục |c 1994 | ||
| 300 | |a 179 tr. |c 19 cm. | ||
| 520 | |a Đề cập đến ngữ âm và ngữ âm học; Các đơn vị đoạn trích; Các đơn vị siêu đoạn trích. Giới thiệu âm tiết Tiếng Việt; Hệ thống ngữ âm Tiếng Việt; Hệ thống biến âm, vấn đề chính âm; chữ viết. | ||
| 653 | |a Ngôn ngữ | ||
| 653 | |a Tiếng Việt | ||
| 653 | |a Ngữ âm | ||
| 653 | |a Giáo trình | ||
| 942 | |2 ddc |c SH | ||
| 952 | |0 0 |1 0 |2 ddc |4 0 |6 495_922100000000000_V561H |7 0 |8 400 |9 96651 |a qbu |b qbu |c D2 |d 2015-10-02 |g 15000 |o 495.9221 V561H |p 10621.c1 |r 0000-00-00 |w 2015-10-02 |y SH | ||